[Event "LSS RF-2011-0-00072"]
[Site "LSS email"]
[Date "2011.02.18"]
[Round "?"]
[White "Baars, Jan Tjeerd"]
[Black "Raines, David T"]
[Result "1/2-1/2"]
[WhiteElo "978"]
[BlackElo "1004"]
[PlyCount "29"]
[EventDate "2011.01.26"]
[EventType "tourn (corr)"]
[EventRounds "6"]
[EventCountry "GER"]
[SourceTitle "Corr 2013"]
[Source "ChessBase"]
[SourceDate "2012.11.12"]
[SourceVersion "1"]
[SourceVersionDate "2012.11.12"]
[SourceQuality "1"]

1. d4 Nf6 2. c4 e6 3. Nc3 Bb4 4. Qc2 0-0 5. Bd2 d5 6. cxd5 exd5 7. a3 Be7 8. Nf3 c6 9. g3 Bg4 10. Bg2 Nbd7 11. 0-0 Re8 12. b4 a6 13. Bg5 Bh5 14. Rfe1 Bg6 15. Qb2 1/2-1/2

[Event "LSS RF-2010-0-00068"]
[Site "LSS email"]
[Date "2011.01.26"]
[Round "?"]
[White "Baars, Jan Tjeerd"]
[Black "Raines, David T"]
[Result "1-0"]
[WhiteElo "978"]
[BlackElo "1004"]
[PlyCount "71"]
[EventDate "2010.12.15"]
[EventType "tourn (corr)"]
[EventRounds "6"]
[EventCountry "GER"]
[SourceTitle "Telechess CBM 145"]
[Source "Chessbase"]
[SourceDate "2011.11.11"]
[SourceVersion "1"]
[SourceVersionDate "2011.11.11"]
[SourceQuality "1"]

1. d4 d5 2. c4 c6 3. Nf3 Nf6 4. Nc3 a6 5. Qb3 e6 6. Bg5 Be7 7. e3 Nbd7 8. Bd3 0-0 9. 0-0 Ng4 10. Bxe7 Qxe7 11. e4 dxe4 12. Nxe4 Ngf6 13. Nfg5 Nxe4 14. Nxe4 c5 15. d5 Nf6 16. d6 Qd8 17. Rad1 Nxe4 18. Bxe4 Rb8 19. a4 Bd7 20. Rd3 Qc8 21. Rh3 f5 22. Bc2 b5 23. axb5 axb5 24. Rb1 Qc6 25. Rd3 bxc4 26. Qxc4 Rb4 27. Qc3 Rfb8 28. Qe5 Re4 29. Qc3 Rd8 30. Rbd1 Bc8 31. Rg3 Rd7 32. Bxe4 fxe4 33. Rg5 c4 34. b3 h6 35. Rg6 Kf7 36. Qxg7+ 1-0

[Event "LSS RF-2010-0-00068"]
[Site "LSS email"]
[Date "2011.01.26"]
[Round "?"]
[White "Wakeham, Marc R"]
[Black "Baars, Jan Tjeerd"]
[Result "1/2-1/2"]
[WhiteElo "969"]
[BlackElo "978"]
[PlyCount "82"]
[EventDate "2010.12.15"]
[EventType "tourn (corr)"]
[EventRounds "6"]
[EventCountry "GER"]
[SourceTitle "Telechess CBM 145"]
[Source "Chessbase"]
[SourceDate "2011.11.11"]
[SourceVersion "1"]
[SourceVersionDate "2011.11.11"]
[SourceQuality "1"]

1. e4 c6 2. d4 d5 3. Nc3 dxe4 4. f3 e3 5. Bxe3 Bf5 6. Bc4 e6 7. Qd2 Nf6 8. 0-0-0 Nd5 9. Nxd5 cxd5 10. Bb5+ Nc6 11. Qc3 Rc8 12. g4 Bg6 13. Qb3 Bd6 14. h4 h6 15. Kb1 0-0 16. f4 Be4 17. Rh3 Nxd4 18. Bxd4 Bxc2+ 19. Qxc2 Rxc2 20. Kxc2 Bxf4 21. Ne2 Bd6 22. Bd3 e5 23. Bg1 e4 24. Bb5 Qa5 25. Rxd5 a6 26. Bc4 Qc7 27. b3 b5 28. Rc3 bxc4 29. Rxc4 Qe7 30. Bf2 Qe6 31. Rdd4 Qxg4 32. Rxe4 Qf3 33. Bb6 f5 34. Re6 Bg3 35. Nxg3 Qxg3 36. Bc7 Qg2+ 37. Kb1 f4 38. Bd6 Rf7 39. Bxf4 g5 40. hxg5 hxg5 41. Rg6+ Rg7 1/2-1/2

[Event "LSS SF-2010-0-00083"]
[Site "LSS email"]
[Date "2011.01.21"]
[Round "?"]
[White "Baars, Jan Tjeerd"]
[Black "Laureles, Raymundo"]
[Result "1-0"]
[WhiteElo "949"]
[BlackElo "1288"]
[PlyCount "85"]
[EventDate "2010.12.11"]
[EventType "tourn (corr)"]
[EventRounds "6"]
[EventCountry "GER"]
[SourceTitle "Corr 2013"]
[Source "ChessBase"]
[SourceDate "2012.11.12"]
[SourceVersion "1"]
[SourceVersionDate "2012.11.12"]
[SourceQuality "1"]
[WhiteTeam "US of America"]
[BlackTeam "US of America"]
[WhiteTeamCountry "USA"]
[BlackTeamCountry "USA"]

1. d4 Nf6 2. c4 e5 3. dxe5 Ne4 4. Nf3 Bb4+ 5. Nbd2 Nc6 6. a3 Nxd2 7. Bxd2 Bxd2+ 8. Qxd2 Qe7 9. Qc3 b6 10. b4 0-0 11. b5 Nd8 12. e3 Bb7 13. Be2 c5 14. 0-0 Ne6 15. Rfd1 Rad8 16. Rd2 Rfe8 17. Rad1 Nf8 18. a4 Ng6 19. a5 Bxf3 20. Bxf3 Nxe5 21. Be2 Qf6 22. Qc2 d6 23. h3 bxa5 24. Qa4 Rd7 25. Qxa5 Red8 26. Qa1 d5 27. f4 Ng6 28. Qxf6 gxf6 29. Rxd5 Rxd5 30. cxd5 Ne7 31. e4 Nc8 32. Rc1 f5 33. Bf3 Nd6 34. e5 Nxb5 35. Rxc5 Nd4 36. Bh5 Rb8 37. Rc7 a5 38. Ra7 Rb5 39. Bxf7+ Kf8 40. e6 Ne2+ 41. Kf1 Nxf4 42. d6 Rb8 43. Rxa5 1-0

[Event "LSS SF-2010-0-00083"]
[Site "LSS email"]
[Date "2011.01.20"]
[Round "?"]
[White "Lombardi, Donato"]
[Black "Baars, Jan Tjeerd"]
[Result "1/2-1/2"]
[WhiteElo "775"]
[BlackElo "949"]
[PlyCount "118"]
[EventDate "2010.12.11"]
[EventType "tourn (corr)"]
[EventRounds "6"]
[EventCountry "GER"]
[SourceTitle "Telechess CBM 147"]
[Source "ChessBase"]
[SourceDate "2012.03.16"]
[SourceVersion "1"]
[SourceVersionDate "2012.03.16"]
[SourceQuality "1"]

1. e4 c6 2. d4 d5 3. Nc3 dxe4 4. Nxe4 Bf5 5. Ng3 Bg6 6. Nf3 Nd7 7. Bd3 Bxd3 8. Qxd3 Ngf6 9. 0-0 e6 10. Bf4 Be7 11. Rad1 0-0 12. Rfe1 Nd5 13. Be3 Qc7 14. c4 Nf4 15. Bxf4 Qxf4 16. d5 Bb4 17. Re4 Qf6 18. Rh4 h6 19. dxe6 Ne5 20. Nxe5 Qxh4 21. exf7+ Rxf7 22. Nxf7 Kxf7 23. Qd7+ Qe7 24. Qf5+ Kg8 25. Rd7 Qe1+ 26. Nf1 Rf8 27. Qc2 Bc5 28. Rd2 a5 29. a3 Kh8 30. Re2 Qa1 31. b4 axb4 32. axb4 Bxb4 33. Qb2 Qxb2 34. Rxb2 Bc5 35. Ne3 Bxe3 36. fxe3 Rf7 37. g3 Kg8 38. Kg2 Kf8 39. Kh3 Ke8 40. Kg4 g6 41. h4 Kd8 42. e4 Kc7 43. c5 Re7 44. Kf4 Rf7+ 45. Kg4 Kd8 46. h5 g5 47. e5 Ke8 48. Kh3 Re7 49. Kg4 Rxe5 50. Rxb7 Rxc5 51. Rh7 Rc4+ 52. Kf5 Rc5+ 53. Ke6 Kf8 54. Rxh6 Rc3 55. Rg6 Rxg3 56. Kd6 g4 57. h6 Rh3 58. Kxc6 g3 59. Kd5 g2 1/2-1/2

[Event "LSS SF-2010-0-00083"]
[Site "LSS email"]
[Date "2011.01.20"]
[Round "?"]
[White "Verich, Oleg"]
[Black "Baars, Jan Tjeerd"]
[Result "0-1"]
[WhiteElo "971"]
[BlackElo "949"]
[PlyCount "27"]
[EventDate "2010.12.11"]
[EventType "tourn (corr)"]
[EventRounds "6"]
[EventCountry "GER"]
[SourceTitle "Corr 2013"]
[Source "ChessBase"]
[SourceDate "2012.11.12"]
[SourceVersion "1"]
[SourceVersionDate "2012.11.12"]
[SourceQuality "1"]
[WhiteTeam "US of America"]
[BlackTeam "US of America"]
[WhiteTeamCountry "USA"]
[BlackTeamCountry "USA"]

1. d4 d5 2. Nf3 c6 3. e3 Nf6 4. Be2 Bg4 5. 0-0 e6 6. Ne5 Bxe2 7. Qxe2 Nbd7 8. Nxd7 Qxd7 9. c4 dxc4 10. Qxc4 Bd6 11. Nc3 0-0 12. Qd3 c5 13. dxc5 Bxh2+ 14. Kxh2 0-1

[Event "LSS SF-2010-0-00082"]
[Site "LSS email"]
[Date "2011.01.16"]
[Round "?"]
[White "Verich, Oleg"]
[Black "Baars, Jan Tjeerd"]
[Result "0-1"]
[WhiteElo "1088"]
[BlackElo "996"]
[PlyCount "102"]
[EventDate "2010.11.17"]
[EventType "tourn (corr)"]
[EventRounds "6"]
[EventCountry "GER"]
[SourceTitle "Telechess CBM 149"]
[Source "ChessBase"]
[SourceDate "2012.07.17"]
[SourceVersion "1"]
[SourceVersionDate "2012.07.17"]
[SourceQuality "1"]

1. e4 c6 2. d4 d5 3. Nc3 dxe4 4. Nxe4 Bf5 5. Ng3 Bg6 6. Nf3 Nd7 7. Bd2 Ngf6 8. Ne5 Nxe5 9. dxe5 Ne4 10. Nxe4 Bxe4 11. f3 Bg6 12. Bc4 e6 13. Bb3 Bc5 14. Qe2 a5 15. Bc3 a4 16. Bc4 Bxc2 17. Rc1 Bg6 18. Rd1 Qe7 19. Bd3 Bxd3 20. Rxd3 0-0 21. Bd4 Rfd8 22. Be3 Rxd3 23. Qxd3 Bxe3 24. Qxe3 Qb4+ 25. Qd2 Qxd2+ 26. Kxd2 Rd8+ 27. Kc3 g5 28. g3 Kg7 29. h4 h6 30. f4 Kg6 31. fxg5 hxg5 32. g4 gxh4 33. Rxh4 Kg5 34. Rh7 Rd7 35. Rg7+ Kf4 36. Kb4 Kxe5 37. Kxa4 Kf6 38. Rg8 e5 39. Kb4 e4 40. Kc3 Ke5 41. g5 Kf4 42. g6 f5 43. g7 e3 44. Kc2 Kf3 45. Rf8 Rxg7 46. Rxf5+ Ke4 47. Rf8 Rg2+ 48. Kd1 Rxb2 49. a4 Kd3 50. Rd8+ Kc3 51. a5 Rd2+ 0-1

[Event "LSS SF-2010-0-00081"]
[Site "LSS email"]
[Date "2011.01.09"]
[Round "?"]
[White "Verich, Oleg"]
[Black "Baars, Jan Tjeerd"]
[Result "1-0"]
[WhiteElo "1105"]
[BlackElo "996"]
[PlyCount "33"]
[EventDate "2010.11.01"]
[EventType "tourn (corr)"]
[EventRounds "6"]
[EventCountry "GER"]
[SourceTitle "Corr 2015"]
[Source "ChessBase"]
[SourceDate "2015.07.17"]
[SourceVersion "1"]
[SourceVersionDate "2015.07.17"]
[SourceQuality "1"]

1. d4 d5 2. c4 e6 3. Nf3 Nf6 4. Bg5 Be7 5. e3 0-0 6. Nbd2 Nbd7 7. Bd3 b6 8. 0-0 Bb7 9. b3 c5 10. cxd5 Nxd5 11. Bxe7 Qxe7 12. Nc4 Rac8 13. Nce5 Nxe5 14. Nxe5 Qg5 15. Nf3 Qh5 16. Ne1 cxd4 17. Qxh5 1-0

[Event "LSS RF-2010-0-00066"]
[Site "LSS email"]
[Date "2011.01.01"]
[Round "?"]
[White "Baars, Jan Tjeerd"]
[Black "Boden, Daniela"]
[Result "1/2-1/2"]
[WhiteElo "978"]
[BlackElo "1063"]
[PlyCount "35"]
[EventDate "2010.11.19"]
[EventType "tourn (corr)"]
[EventRounds "6"]
[EventCountry "GER"]
[SourceTitle "Telechess CBM 145"]
[Source "Chessbase"]
[SourceDate "2011.11.11"]
[SourceVersion "1"]
[SourceVersionDate "2011.11.11"]
[SourceQuality "1"]

1. e4 c5 2. Nf3 d6 3. d4 cxd4 4. Nxd4 Nf6 5. Nc3 g6 6. Be3 Bg7 7. f3 a6 8. Qd2 h5 9. 0-0-0 b5 10. Bd3 Bd7 11. h3 Nc6 12. Nxc6 Bxc6 13. g4 Rc8 14. Kb1 b4 15. Ne2 a5 16. Nf4 Qc7 17. gxh5 Nxh5 18. Nxh5 1/2-1/2

[Event "LSS RF-2010-0-00066"]
[Site "LSS email"]
[Date "2011.01.01"]
[Round "?"]
[White "Bester, Kazimierz"]
[Black "Baars, Jan Tjeerd"]
[Result "0-1"]
[WhiteElo "786"]
[BlackElo "978"]
[PlyCount "54"]
[EventDate "2010.11.19"]
[EventType "tourn (corr)"]
[EventRounds "6"]
[EventCountry "GER"]
[SourceTitle "Telechess CBM 145"]
[Source "Chessbase"]
[SourceDate "2011.11.11"]
[SourceVersion "1"]
[SourceVersionDate "2011.11.11"]
[SourceQuality "1"]

1. f4 Nf6 2. Nf3 d5 3. e3 g6 4. Be2 Bg7 5. 0-0 0-0 6. d4 b6 7. Ne5 Bb7 8. Rf3 Nbd7 9. Rh3 Nxe5 10. fxe5 Ne4 11. Qe1 Bc8 12. Bg4 Bxg4 13. Rh4 Bd7 14. Nc3 Nxc3 15. bxc3 c5 16. Qg3 Rc8 17. Qg5 f6 18. exf6 Bxf6 19. Qxd5+ e6 20. Qe4 Bxh4 21. g3 Be7 22. d5 Rf6 23. Bb2 c4 24. Rd1 Qf8 25. Rd4 Rf1+ 26. Kg2 Qf2+ 27. Kh3 exd5+ 0-1